000 00962nam a2200289 4500
001 0000017489
003 CO-CtgCURN
005 20250429224000.0
007 ta
008 160627s2001 000 0 eng d
020 _a9586900460
040 _aCO-CtgCURN
_bspa
_ccoctgcurn
082 0 _a349.3702
_bG17m
100 1 _aGarces Correa, Francisco Alonso.
245 1 0 _aNociones de derecho romano /
_cFrancisco Alonso Garces Correa.
250 _a3a ed.
260 _aBogotá :
_bGrupo Editorial Leyer,
_c2001.
300 _a207 p.
336 _2rdacontent
337 _2rdamedia
_asin mediacion
_bn
338 _2rdacarrier
_avolumen
_bnc
505 8 _aHistoria y evolucion.--Personas.--Regimen de la familia.--Derechos patrimoniales.--Los derechos personales.--Derecho sucesoral
650 1 4 _aDerecho romano.
908 _a160627
942 _cBK
_h349.3702
_iG17m
_2ddc
999 _c34240
_d34240